[Event "FRA-chT2 0910"]
[Site "France"]
[Date "2009.10.18"]
[Round "3.4"]
[White "Schott, Raimund"]
[Black "Cau, Benjamin"]
[Result "0-1"]
[WhiteElo "2015"]
[BlackElo "2132"]
[PlyCount "98"]
[EventDate "2009.09.27"]
[EventType "team"]
[EventRounds "11"]
[EventCountry "FRA"]
[Source "ChessBase"]
[SourceDate "2010.03.11"]

1. e4 c6 2. d4 d5 3. Nd2 dxe4 4. Nxe4 Bf5 5. Ng3 Bg6 6. h4 h6 7. Nf3 Nd7 8. h5
Bh7 9. Bd3 Bxd3 10. Qxd3 Ngf6 11. Bf4 e6 12. O-O-O Be7 13. Kb1 O-O 14. c4 a5
15. Ne4 Nxe4 16. Qxe4 Nf6 17. Qe2 Bd6 18. Bxd6 Qxd6 19. Ne5 c5 20. Ng4 Nxg4 21.
Qxg4 cxd4 22. Rxd4 Qe5 23. Rhd1 b5 24. f4 Qc5 25. cxb5 Qxb5 26. R4d3 Rab8 27.
b3 Kh8 28. Qf3 a4 29. g4 axb3 30. Rxb3 Qc5 31. Rdd3 Rfc8 32. Qd1 Qf2 33. Qd2
Qg1+ 34. Qd1 Qg2 35. Rd4 f6 36. Rdb4 Rxb4 37. Rxb4 e5 38. fxe5 fxe5 39. Qd3 Rf8
40. Qc2 Qd5 41. a3 Re8 42. Qe4 Qc5 43. Ka2 Rf8 44. Rb2 Qd6 45. Re2 Qe6+ 46. Ka1
Qb3 47. Qxe5 Rf1+ 48. Re1 Qxa3+ 49. Kb1 Qb4+ 0-1

[Event "FRA-chT2 0910"]
[Site "France"]
[Date "2009.10.18"]
[Round "3.5"]
[White "Barbet, Loic"]
[Black "Grill, Marc"]
[Result "1/2-1/2"]
[WhiteElo "2086"]
[BlackElo "2199"]
[PlyCount "113"]
[EventDate "2009.09.27"]
[EventType "team"]
[EventRounds "11"]
[EventCountry "FRA"]
[Source "ChessBase"]
[SourceDate "2010.03.11"]

1. e4 c5 2. Nf3 g6 3. Nc3 Bg7 4. d4 cxd4 5. Nxd4 Nc6 6. Be3 Nf6 7. Be2 d6 8.
O-O O-O 9. Qd2 a6 10. f4 Bd7 11. Nb3 b5 12. Bf3 Rb8 13. h3 a5 14. a4 bxa4 15.
Rxa4 Qc7 16. Rfa1 Rfc8 17. g4 Be6 18. Nd5 Bxd5 19. exd5 Nb4 20. c3 Nd3 21. R1a3
Nc5 22. Nxc5 dxc5 23. b3 Nd7 24. c4 Rb4 25. Rxa5 Rcb8 26. Ra7 Qd6 27. R3a6 Qxa6
28. Rxa6 Rxb3 29. Ra7 Nb6 30. Be2 Rxe3 31. Qxe3 Bd4 32. Qxd4 cxd4 33. Rxe7 Na4
34. Kf1 Rb1+ 35. Kf2 Kf8 36. d6 Rb6 37. Ra7 Nc5 38. Ra8+ Kg7 39. d7 Nxd7 40.
Rd8 Rd6 41. c5 Nxc5 42. Rxd6 Ne4+ 43. Kf3 Nxd6 44. g5 f6 45. Bd1 Nb5 46. Bb3
Nc3 47. Bc4 h6 48. gxf6+ Kxf6 49. h4 Nd1 50. Ke4 Ne3 51. Be2 Nf5 52. Bg4 Nxh4
53. Kxd4 h5 54. Bh3 Nf5+ 55. Ke4 Ke6 56. Bg2 Kf6 57. Bh3 1/2-1/2

[Event "FRA-chT2 0910"]
[Site "France"]
[Date "2009.10.18"]
[Round "3.5"]
[White "Carrasco, Patrick"]
[Black "Criton, Roland"]
[Result "0-1"]
[WhiteElo "2085"]
[BlackElo "1971"]
[PlyCount "84"]
[EventDate "2009.09.27"]
[EventType "team"]
[EventRounds "11"]
[EventCountry "FRA"]
[Source "ChessBase"]
[SourceDate "2010.03.11"]

1. e4 c6 2. Nf3 d5 3. exd5 cxd5 4. Ne5 Nc6 5. d4 Nf6 6. Bb5 Bd7 7. Nxd7 Qxd7 8.
O-O g6 9. c3 Bg7 10. Nd2 O-O 11. f4 e6 12. Nf3 a6 13. Ne5 Qc7 14. Bd3 Ne4 15.
Qe1 f5 16. Be3 Rfd8 17. Bf2 Nxe5 18. fxe5 Nxf2 19. Qxf2 Rac8 20. Rae1 Qe7 21.
Re3 Rc7 22. Rf3 b5 23. a3 Rb8 24. Qe2 Qd7 25. g4 a5 26. gxf5 gxf5 27. Rh3 Qe8
28. Kh1 b4 29. axb4 axb4 30. c4 dxc4 31. Bb1 c3 32. d5 Qb5 33. Qxb5 Rxb5 34. d6
Rd7 35. bxc3 bxc3 36. Rxc3 Bxe5 37. Rc8+ Kf7 38. Ba2 Bxd6 39. Rh8 Kf6 40. Ra8
Rb2 41. Ra6 Rxh2+ 42. Kg1 Rg7# 0-1

[Event "FRA-chT2 0910"]
[Site "France"]
[Date "2009.10.18"]
[Round "3.5"]
[White "Carrillo, Jesus"]
[Black "Serafimov, Dimitar"]
[Result "0-1"]
[WhiteElo "2124"]
[BlackElo "2210"]
[PlyCount "65"]
[EventDate "2009.09.27"]
[EventType "team"]
[EventRounds "11"]
[EventCountry "FRA"]
[Source "ChessBase"]
[SourceDate "2010.03.11"]

1. e4 c6 2. d4 d5 3. exd5 cxd5 4. c4 e6 5. Nc3 Nf6 6. Nf3 Be7 7. cxd5 Nxd5 8.
Bc4 O-O 9. O-O Nc6 10. Re1 Nxc3 11. bxc3 b6 12. Qe2 Na5 13. Bd3 Bb7 14. Ne5 Rc8
15. Qh5 f5 16. Bd2 Qd5 17. Bf1 Bf6 18. Re3 Bxe5 19. Rxe5 Qd7 20. Rae1 Rf6 21.
Bb5 Bc6 22. Ba6 Rcf8 23. Qe2 Rg6 24. f3 Bd5 25. h4 Qc6 26. Bb5 Qb7 27. Qf2 Nc6
28. R5e3 f4 29. Re4 Rgf6 30. c4 Bxe4 31. fxe4 Nd8 32. d5 Qe7 33. Rb1 0-1

[Event "FRA-chT2 0910"]
[Site "France"]
[Date "2009.10.18"]
[Round "3.5"]
[White "Champ, Gael"]
[Black "Ollier, Milan"]
[Result "1/2-1/2"]
[WhiteElo "2108"]
[BlackElo "2089"]
[PlyCount "119"]
[EventDate "2009.09.27"]
[EventType "team"]
[EventRounds "11"]
[EventCountry "FRA"]
[Source "ChessBase"]
[SourceDate "2010.03.11"]

1. e4 c5 2. Nf3 Nc6 3. d4 cxd4 4. Nxd4 e5 5. Nb5 d6 6. N1c3 a6 7. Na3 b5 8. Nd5
Nce7 9. c4 Nxd5 10. cxd5 f5 11. exf5 Bxf5 12. Nc2 Be7 13. Ne3 Bg6 14. a4 b4 15.
a5 Nf6 16. Be2 Bf7 17. O-O Qb8 18. Qa4+ Kf8 19. Bd2 Nxd5 20. Bf3 Nxe3 21. fxe3
Ra7 22. Bxb4 d5 23. Bxe7+ Kxe7 24. Qh4+ Kd6 25. Rfd1 Rb7 26. Bxd5 Bxd5 27. e4
Rb5 28. exd5 Rxb2 29. Qg4 Qc8 30. Qg3 Qc5+ 31. Kh1 g6 32. Rac1 Rc2 33. Rb1 Qxa5
34. Qh4 Qd8 35. Qb4+ Rc5 36. Qb6+ Qxb6 37. Rxb6+ Kd7 38. d6 Rb5 39. Rxa6 Rhb8
40. Kg1 R8b6 41. Ra7+ Rb7 42. Ra6 R5b6 43. Ra5 Rb1 44. Rxb1 Rxb1+ 45. Kf2 Kxd6
46. Ke3 Ke6 47. g4 Rb3+ 48. Ke4 Rb4+ 49. Kf3 Rf4+ 50. Kg3 Rd4 51. Kf3 h5 52. h3
Rd3+ 53. Ke4 Rd4+ 54. Kf3 h4 55. Ke3 g5 56. Ra6+ Rd6 57. Ra5 Rb6 58. Ra3 Rc6
59. Ke4 Rb6 60. Ke3 1/2-1/2

[Event "FRA-chT2 0910"]
[Site "France"]
[Date "2009.10.18"]
[Round "3.5"]
[White "Debray, Francois"]
[Black "Duchateau, Thomas"]
[Result "1-0"]
[WhiteElo "2157"]
[BlackElo "2147"]
[PlyCount "79"]
[EventDate "2009.09.27"]
[EventType "team"]
[EventRounds "11"]
[EventCountry "FRA"]
[Source "ChessBase"]
[SourceDate "2010.03.11"]

1. e4 g6 2. d4 Bg7 3. Nc3 d6 4. Be3 a6 5. Qd2 b5 6. h4 h6 7. Bd3 Nd7 8. f4 Bb7
9. Nf3 e6 10. f5 e5 11. fxg6 fxg6 12. O-O-O c5 13. dxc5 Nxc5 14. Qe2 Qa5 15.
Kb1 b4 16. Nd5 Bxd5 17. exd5 Ne7 18. Bxc5 Qxc5 19. h5 g5 20. Qe4 Ra7 21. Qg4
Rf8 22. Bg6+ Kd8 23. g3 a5 24. Nd2 Qc8 25. Qxc8+ Kxc8 26. Ne4 Kd7 27. Rhf1 Nxg6
28. hxg6 Raa8 29. c4 bxc3 30. bxc3 Ke7 31. Kc2 Bf6 32. Rb1 Ra7 33. Rb6 Rd7 34.
c4 Bg7 35. Rxf8 Bxf8 36. Ra6 g4 37. Rxa5 h5 38. Ra6 Bh6 39. Kd3 Bf8 40. Ra8 1-0

[Event "FRA-chT2 0910"]
[Site "France"]
[Date "2009.10.18"]
[Round "3.5"]
[White "Flear, Christine"]
[Black "Daloz, Jean Michel"]
[Result "1-0"]
[WhiteElo "2148"]
[BlackElo "2169"]
[PlyCount "89"]
[EventDate "2009.09.27"]
[EventType "team"]
[EventRounds "11"]
[EventCountry "FRA"]
[Source "ChessBase"]
[SourceDate "2010.03.11"]

1. d4 Nf6 2. c4 e6 3. Nf3 b6 4. e3 Bb7 5. Be2 c5 6. O-O cxd4 7. exd4 Be7 8. Nc3
O-O 9. a3 d5 10. Ne5 dxc4 11. Bxc4 Na6 12. Bxa6 Bxa6 13. Nc6 Qc7 14. Nxe7+ Qxe7
15. Re1 Qd7 16. Bg5 Nd5 17. Qf3 Nxc3 18. bxc3 f6 19. Bf4 Rac8 20. Qg3 Rc4 21.
h4 Rfc8 22. Re3 Bb7 23. Rae1 Bd5 24. Qg4 Rxc3 25. h5 Rxe3 26. Rxe3 Rc1+ 27. Kh2
Rc4 28. Bg3 Qc6 29. Bh4 Qc7+ 30. Rg3 f5 31. Qg5 Rxd4 32. Kh3 Rd1 33. Kh2 Rd3
34. h6 g6 35. Qf6 Rxa3 36. f3 Qf7 37. Qe5 Ra2 38. Bg5 b5 39. Be3 Ra4 40. Qb8+
Qf8 41. Rxg6+ hxg6 42. h7+ Kg7 43. Qxf8+ Kxf8 44. h8=Q+ Ke7 45. Qb8 1-0

[Event "FRA-chT2 0910"]
[Site "France"]
[Date "2009.10.18"]
[Round "3.5"]
[White "Godart, Francois"]
[Black "Soyez, Cyril"]
[Result "1-0"]
[WhiteElo "2178"]
[BlackElo "2246"]
[PlyCount "29"]
[EventDate "2009.09.27"]
[EventType "team"]
[EventRounds "11"]
[EventCountry "FRA"]
[Source "ChessBase"]
[SourceDate "2010.03.11"]

1. d4 Nf6 2. c4 c5 3. d5 b5 4. cxb5 a6 5. bxa6 Bxa6 6. Nc3 g6 7. g3 d6 8. Bg2
Bg7 9. Rb1 O-O 10. b3 Qa5 11. Bd2 Nbd7 12. e4 Rfe8 13. Nh3 Rab8 14. Rg1 c4 15.
Nb5 1-0

[Event "FRA-chT2 0910"]
[Site "France"]
[Date "2009.10.18"]
[Round "3.5"]
[White "Le Hetet, Nicolas"]
[Black "Basty, Bernard"]
[Result "1-0"]
[WhiteElo "2117"]
[BlackElo "1953"]
[PlyCount "83"]
[EventDate "2009.09.27"]
[EventType "team"]
[EventRounds "11"]
[EventCountry "FRA"]
[Source "ChessBase"]
[SourceDate "2010.03.11"]

1. e4 e5 2. Nc3 Nc6 3. Nf3 Nf6 4. d4 exd4 5. Nxd4 Nxd4 6. Qxd4 d6 7. Bc4 Be7 8.
O-O O-O 9. h3 Be6 10. Be3 a6 11. Nd5 Nxd5 12. exd5 Bf5 13. Qd2 Bf6 14. c3 Re8
15. g4 Bd7 16. Rae1 Bh4 17. Bd3 h5 18. Kh2 hxg4 19. hxg4 Bxg4 20. Rg1 Qd7 21.
Bg5 Rxe1 22. Rxe1 Bxg5 23. Qxg5 Re8 24. Rxe8+ Qxe8 25. Qxg4 Qe5+ 26. f4 Qe8 27.
Kg2 c6 28. Qf5 g6 29. Qe4 Qxe4+ 30. Bxe4 c5 31. a4 a5 32. Kf2 Kf8 33. Ke3 Ke7
34. Kd3 Kd7 35. Kc4 Kc7 36. b4 axb4 37. cxb4 cxb4 38. Kxb4 Kb6 39. a5+ Kc7 40.
Kb5 Kb8 41. Kb6 Kc8 42. Bd3 1-0

[Event "FRA-chT2 0910"]
[Site "France"]
[Date "2009.10.18"]
[Round "3.5"]
[White "Leygue, Dominique"]
[Black "Lagunes, Jean Renaud"]
[Result "1-0"]
[WhiteElo "2304"]
[BlackElo "2112"]
[PlyCount "71"]
[EventDate "2009.09.27"]
[EventType "team"]
[EventRounds "11"]
[EventCountry "FRA"]
[Source "ChessBase"]
[SourceDate "2010.03.11"]

1. e4 d6 2. d4 Nf6 3. Nc3 g6 4. Bg5 c6 5. Qd2 h6 6. Be3 b5 7. Bd3 Nbd7 8. h3
Bb7 9. f4 b4 10. Nce2 c5 11. d5 Qc7 12. c4 bxc3 13. Nxc3 Bg7 14. Nf3 Rb8 15.
O-O Ba8 16. b3 Nh7 17. Nb5 Qb6 18. Rac1 a6 19. Na3 f6 20. Nc4 Qc7 21. Qe2 Nhf8
22. Nh4 h5 23. Qf2 Bh6 24. Bd2 Bxf4 25. Bxf4 g5 26. Bxg5 fxg5 27. Qf7+ Kd8 28.
Qg7 gxh4 29. Qxh8 Kc8 30. Rxf8+ Nxf8 31. Rf1 Kb7 32. Rxf8 Rxf8 33. Qxf8 Ka7 34.
Qe8 Qb7 35. Qxh5 Qb4 36. Qxh4 1-0

[Event "FRA-chT2 0910"]
[Site "France"]
[Date "2009.10.18"]
[Round "3.5"]
[White "Miller, Vincent"]
[Black "Trannoy, Arthur"]
[Result "1-0"]
[WhiteElo "2055"]
[BlackElo "1900"]
[PlyCount "79"]
[EventDate "2009.09.27"]
[EventType "team"]
[EventRounds "11"]
[EventCountry "FRA"]
[Source "ChessBase"]
[SourceDate "2010.03.11"]

1. d4 Nf6 2. Nf3 e6 3. e3 c5 4. Bd3 b6 5. c4 Bb7 6. Nc3 Be7 7. O-O O-O 8. d5
exd5 9. cxd5 d6 10. e4 Ba6 11. a4 Bxd3 12. Qxd3 a6 13. Bf4 Nbd7 14. h3 Re8 15.
Rfe1 Bf8 16. Nd2 Ne5 17. Bxe5 Rxe5 18. Nc4 Re8 19. f4 Rb8 20. e5 Nd7 21. exd6
Qf6 22. Qd2 b5 23. axb5 Rxe1+ 24. Rxe1 axb5 25. Ne4 Qh6 26. Ne5 Nxe5 27. fxe5
Qxd2 28. Nxd2 f6 29. e6 Bxd6 30. Ne4 Be5 31. b3 Rd8 32. Rd1 Bd4+ 33. Kf1 Rxd5
34. Nxc5 Rxc5 35. Rxd4 Kf8 36. Rd7 Rf5+ 37. Kg1 Re5 38. Rb7 Re3 39. Rxb5 Rxe6
40. Kf2 1-0

[Event "FRA-chT2 0910"]
[Site "France"]
[Date "2009.10.18"]
[Round "3.5"]
[White "Muheim, Sebastien"]
[Black "Schmidt, Martin2"]
[Result "1/2-1/2"]
[WhiteElo "2040"]
[BlackElo "2003"]
[PlyCount "90"]
[EventDate "2009.09.27"]
[EventType "team"]
[EventRounds "11"]
[EventCountry "FRA"]
[Source "ChessBase"]
[SourceDate "2010.03.11"]

1. d4 Nf6 2. c4 e6 3. Nc3 Bb4 4. a3 Bxc3+ 5. bxc3 b6 6. f3 O-O 7. e4 d6 8. Bd3
Nbd7 9. Ne2 c5 10. O-O Qc7 11. Be3 Ba6 12. Rc1 Rae8 13. g4 Kh8 14. Ng3 Ng8 15.
Rf2 f5 16. gxf5 exf5 17. Bf4 Ne7 18. Qd2 fxe4 19. fxe4 Ng6 20. Bg5 Rxf2 21.
Qxf2 Rf8 22. Qe3 Nf6 23. Nf5 Bc8 24. Rf1 Bxf5 25. Rxf5 Qe7 26. e5 cxd4 27. cxd4
dxe5 28. dxe5 Re8 29. exf6 Qxe3+ 30. Bxe3 Rxe3 31. f7 Nf8 32. Rd5 Re7 33. c5
bxc5 34. Rxc5 g6 35. Bc4 Kg7 36. a4 Ne6 37. Rc6 Nd8 38. f8=Q+ Kxf8 39. Rc8 Rd7
40. Bb5 Rd2 41. Ra8 Kg7 42. Rxa7+ Kh6 43. Re7 Rc2 44. Be8 Ra2 45. Ra7 Ne6
1/2-1/2

[Event "FRA-chT2 0910"]
[Site "France"]
[Date "2009.10.18"]
[Round "3.5"]
[White "Peray, Sebastien"]
[Black "Bedue, Julien"]
[Result "1-0"]
[WhiteElo "2196"]
[BlackElo "2085"]
[PlyCount "67"]
[EventDate "2009.09.27"]
[EventType "team"]
[EventRounds "11"]
[EventCountry "FRA"]
[Source "ChessBase"]
[SourceDate "2010.03.11"]

1. e4 e5 2. d4 exd4 3. Qxd4 Nc6 4. Qe3 g6 5. Bd2 Bg7 6. Nc3 Nf6 7. O-O-O O-O 8.
Bc4 a6 9. f4 b5 10. Bb3 Na5 11. e5 Nxb3+ 12. axb3 Ne8 13. h4 d5 14. Be1 c6 15.
h5 Bg4 16. Nge2 Qc8 17. Bh4 Nc7 18. Be7 Re8 19. Bd6 Ne6 20. Rdf1 Nd8 21. hxg6
hxg6 22. Ng3 Nb7 23. Bc5 Nxc5 24. Qxc5 Qb7 25. Rh4 Bc8 26. Qg1 Qa7 27. Qh2 Qe3+
28. Kb1 b4 29. Rh1 f6 30. Nd1 Qc5 31. exf6 Bxf6 32. Rh8+ Bxh8 33. Qxh8+ Kf7 34.
Rh7+ 1-0

[Event "FRA-chT2 0910"]
[Site "France"]
[Date "2009.10.18"]
[Round "3.5"]
[White "Rode, Anthony"]
[Black "Fournet, Arnaud"]
[Result "0-1"]
[WhiteElo "2075"]
[BlackElo "2203"]
[PlyCount "115"]
[EventDate "2009.09.27"]
[EventType "team"]
[EventRounds "11"]
[EventCountry "FRA"]
[Source "ChessBase"]
[SourceDate "2010.03.11"]

1. d4 d5 2. Nf3 Nf6 3. e3 g6 4. Be2 Bg7 5. b3 c5 6. Bb2 cxd4 7. exd4 O-O 8. O-O
Nc6 9. c4 dxc4 10. bxc4 Bf5 11. Qb3 b6 12. Na3 Rc8 13. Rac1 Ne4 14. Rfd1 Bg4
15. Qe3 Nd6 16. Qf4 Bxf3 17. Bxf3 Na5 18. Be2 Qd7 19. c5 bxc5 20. Qd2 cxd4 21.
Qxa5 d3 22. Bxg7 dxe2 23. Re1 Kxg7 24. Qe5+ f6 25. Qxe2 Rxc1 26. Rxc1 Nf5 27.
Re1 e5 28. Rb1 Rc8 29. h3 Rc7 30. Qa6 e4 31. Nb5 Rb7 32. a4 e3 33. fxe3 Nxe3
34. Rc1 Qd5 35. Qxb7+ Qxb7 36. Rc7+ Qxc7 37. Nxc7 Kf7 38. Nb5 a6 39. Nc7 a5 40.
Na6 Ke6 41. Nc5+ Kd5 42. Nb3 Nc4 43. Kf2 Ke4 44. g3 Kd3 45. Nc5+ Kd4 46. Ne6+
Kc3 47. Nf8 Ne5 48. h4 h5 49. Ke3 Kb4 50. Kf4 Kxa4 51. Nxg6 Nxg6+ 52. Kf5 Nh8
53. g4 hxg4 54. Kxg4 Kb4 55. Kh5 a4 56. Kh6 a3 57. h5 a2 58. Kg7 0-1

[Event "FRA-chT2 0910"]
[Site "France"]
[Date "2009.10.18"]
[Round "3.5"]
[White "Simon, Leopold"]
[Black "Barbini, Denis"]
[Result "1/2-1/2"]
[WhiteElo "2109"]
[BlackElo "2118"]
[PlyCount "98"]
[EventDate "2009.09.27"]
[EventType "team"]
[EventRounds "11"]
[EventCountry "FRA"]
[Source "ChessBase"]
[SourceDate "2010.03.11"]

1. d4 d5 2. c4 Nc6 3. Nf3 Bg4 4. e3 e6 5. Nc3 Nf6 6. Be2 Bb4 7. Bd2 O-O 8. cxd5
exd5 9. O-O Re8 10. h3 Bf5 11. Bb5 Re6 12. Ne2 Bxd2 13. Nxd2 Ne7 14. Ng3 Bg6
15. Nb3 h5 16. Bd3 h4 17. Ne2 Bxd3 18. Qxd3 b6 19. Nf4 Rd6 20. Qe2 Qd7 21. Rac1
c6 22. Nd2 Qf5 23. Nd3 Re8 24. Ne5 Nd7 25. Nxd7 Qxd7 26. Qg4 Nf5 27. Kh1 Rg6
28. Qh5 Rxe3 29. Nf3 Rh6 30. Qxh6 gxh6 31. fxe3 Ng3+ 32. Kg1 Nxf1 33. Kxf1 Qe6
34. Kf2 c5 35. dxc5 bxc5 36. Rd1 Qe4 37. Rc1 d4 38. exd4 cxd4 39. Re1 Qf4 40.
Re2 Kg7 41. Ke1 a5 42. b3 d3 43. Rd2 Qe3+ 44. Kd1 f6 45. Ne1 Qd4 46. Nxd3 f5
47. Ke2 Kf6 48. Ne1 Qe4+ 49. Kf1 Qb1 1/2-1/2

[Event "FRA-chT2 0910"]
[Site "France"]
[Date "2009.10.18"]
[Round "3.5"]
[White "Stawiarski, Edmond"]
[Black "Jeanne, Mickael"]
[Result "0-1"]
[WhiteElo "2137"]
[BlackElo "2150"]
[PlyCount "128"]
[EventDate "2009.09.27"]
[EventType "team"]
[EventRounds "11"]
[EventCountry "FRA"]
[Source "ChessBase"]
[SourceDate "2010.03.11"]

1. d4 Nf6 2. Nf3 g6 3. Bf4 Bg7 4. e3 O-O 5. c4 d6 6. Nc3 c5 7. h3 cxd4 8. exd4
d5 9. Be2 Nc6 10. O-O dxc4 11. Bxc4 Nh5 12. Be3 Nf6 13. a3 Bf5 14. Qe2 Ne4 15.
Rfd1 Nxc3 16. bxc3 Rc8 17. Ba2 Na5 18. c4 Qc7 19. c5 Bd7 20. Rab1 e6 21. Qd2
Ba4 22. Rdc1 Bc6 23. Bf4 Qd8 24. Bd6 Re8 25. Ne5 Be4 26. Rb5 Nc6 27. f3 Nxe5
28. fxe4 Nc6 29. e5 Qh4 30. Rd1 b6 31. cxb6 axb6 32. Rxb6 Bh6 33. Qd3 Ne7 34.
Bxe7 Rxe7 35. d5 exd5 36. Bxd5 Rxe5 37. Rbb1 Rce8 38. Rf1 R5e7 39. Qc4 Qxc4 40.
Bxc4 Ra8 41. Rf3 Be3+ 42. Kh1 Rxa3 43. Re1 Kg7 44. g4 Bc5 45. Rxe7 Rxf3 46. Rc7
Bd6 47. Rd7 Rxh3+ 48. Kg2 Rg3+ 49. Kf2 Rxg4 50. Rxf7+ Kh6 51. Be2 Rh4 52. Rd7
Be5 53. Rd5 Bf6 54. Bf3 Rb4 55. Rd7 Rb5 56. Bd5 Kg5 57. Bc4 Rf5+ 58. Kg2 Rf4
59. Rd5+ Kh4 60. Bd3 h5 61. Be2 g5 62. Rd7 Bd4 63. Bd1 Rf2+ 64. Kg1 Rd2+ 0-1

[Event "FRA-chT2 0910"]
[Site "France"]
[Date "2009.10.18"]
[Round "3.5"]
[White "Valette, Christian"]
[Black "Bodenez, Claire"]
[Result "1/2-1/2"]
[WhiteElo "2087"]
[BlackElo "2034"]
[PlyCount "74"]
[EventDate "2009.09.27"]
[EventType "team"]
[EventRounds "11"]
[EventCountry "FRA"]
[Source "ChessBase"]
[SourceDate "2010.03.11"]

1. Nf3 d5 2. c4 c6 3. e3 e6 4. b3 Nf6 5. Bb2 Bd6 6. Be2 Nbd7 7. d4 O-O 8. Nbd2
Qe7 9. Ne5 Bc7 10. O-O Nxe5 11. dxe5 Nd7 12. Nf3 b6 13. Rc1 Bb7 14. Bd3 Rfd8
15. Qc2 h6 16. Qe2 c5 17. Rfd1 Rac8 18. cxd5 exd5 19. Ba6 Bxa6 20. Qxa6 Nxe5
21. Nxe5 Bxe5 22. Bxe5 Qxe5 23. Qxa7 Qe6 24. Qb7 Rb8 25. Qc7 Ra8 26. Rd2 Rd7
27. Qf4 Rda7 28. a4 d4 29. Rd3 Re8 30. h3 dxe3 31. Rxe3 Qd7 32. Rce1 Raa8 33.
Kh2 Rxe3 34. Rxe3 Rd8 35. Qe4 Qd6+ 36. g3 Qd7 37. Rf3 Re8 1/2-1/2

[Event "FRA-chT2 0910"]
[Site "France"]
[Date "2009.10.18"]
[Round "3.6"]
[White "Berthelot, Nathan"]
[Black "Montagard, Guillaume"]
[Result "0-1"]
[WhiteElo "1870"]
[BlackElo "2241"]
[PlyCount "58"]
[EventDate "2009.09.27"]
[EventType "team"]
[EventRounds "11"]
[EventCountry "FRA"]
[Source "ChessBase"]
[SourceDate "2010.03.11"]

1. e4 Nf6 2. Nc3 d5 3. e5 Nfd7 4. d4 e6 5. f4 c5 6. Nf3 Nc6 7. Be3 Be7 8. a4
O-O 9. Be2 f6 10. O-O fxe5 11. Nxe5 cxd4 12. Nxc6 bxc6 13. Bxd4 c5 14. Bf2 Rb8
15. Re1 Nf6 16. a5 Rxb2 17. Na4 Rb4 18. Nxc5 Rxf4 19. Nd3 Rxf2 20. Kxf2 Ng4+
21. Kg1 Ne3 22. Qb1 Bh4 23. Rf1 Nxf1 24. Bxf1 Qf6 25. g3 Bg5 26. Bg2 Ba6 27.
Qe1 Bd2 28. Qe5 Qxe5 29. Nxe5 Bc3 0-1

[Event "FRA-chT2 0910"]
[Site "France"]
[Date "2009.10.18"]
[Round "3.6"]
[White "Bolon, Karelle"]
[Black "Jeanjean, Dominique"]
[Result "1-0"]
[WhiteElo "2086"]
[BlackElo "2104"]
[PlyCount "111"]
[EventDate "2009.09.27"]
[EventType "team"]
[EventRounds "11"]
[EventCountry "FRA"]
[Source "ChessBase"]
[SourceDate "2010.03.11"]

1. d4 Nf6 2. Bg5 d5 3. c3 g6 4. Nd2 Bg7 5. e3 O-O 6. Bd3 Nc6 7. Ngf3 Re8 8. O-O
e5 9. dxe5 Nxe5 10. Nxe5 Rxe5 11. Nf3 Re8 12. Qa4 Qd7 13. Qh4 Ne4 14. Bh6 Bf6
15. Bg5 Bg7 16. Bh6 Bf6 17. Bg5 Bh8 18. Rfd1 Qg4 19. Bxe4 dxe4 20. Nd4 Bd7 21.
a4 a6 22. Qxg4 Bxg4 23. Rd2 Be5 24. h3 Bc8 25. Nb3 f6 26. Bh4 b6 27. a5 Be6 28.
Nd4 Kf7 29. Nc6 Bd6 30. axb6 g5 31. b7 gxh4 32. bxa8=Q Rxa8 33. Nd4 Bd7 34. Ra5
Be5 35. b4 Rg8 36. Kf1 Bc8 37. Ne2 Ke7 38. Ra1 c6 39. Rc1 Bd7 40. Rcd1 Bc8 41.
Nd4 Kf7 42. c4 Be6 43. Nxe6 Kxe6 44. Ra2 Ra8 45. Rb1 Kd7 46. b5 cxb5 47. cxb5
a5 48. b6 Bc3 49. Rd1+ Ke6 50. Rc2 Be5 51. Rc6+ Ke7 52. b7 Rb8 53. Rb1 Kd7 54.
Rc4 f5 55. Rc5 Bc7 56. Rd1+ 1-0

[Event "FRA-chT2 0910"]
[Site "France"]
[Date "2009.10.18"]
[Round "3.6"]
[White "Cobos Falcon, Manuel"]
[Black "Dinayet, Kazi Rashedul"]
[Result "0-1"]
[WhiteElo "1915"]
[BlackElo "2042"]
[PlyCount "54"]
[EventDate "2009.09.27"]
[EventType "team"]
[EventRounds "11"]
[EventCountry "FRA"]
[Source "ChessBase"]
[SourceDate "2010.03.11"]

1. e4 c5 2. c3 Nc6 3. Nf3 g6 4. d4 cxd4 5. cxd4 Bg7 6. Be3 d5 7. exd5 Qxd5 8.
Nc3 Qa5 9. Bc4 Qb4 10. Qb3 Qxb3 11. Bxb3 Bg4 12. Ng5 Nh6 13. O-O Nxd4 14. Ba4+
Kf8 15. Rfe1 a6 16. h3 Bf5 17. Rad1 e5 18. g4 Bc2 19. Rc1 Bxa4 20. Nxa4 Bf6 21.
Kg2 Ng8 22. Ne4 Be7 23. Nac5 f5 24. Nd7+ Ke8 25. Nxe5 Ne6 26. Nd2 Nf6 27. Bh6
Nd5 0-1

[Event "FRA-chT2 0910"]
[Site "France"]
[Date "2009.10.18"]
[Round "3.6"]
[White "Delalee, Paul"]
[Black "Guichard, Hugo"]
[Result "1-0"]
[WhiteElo "1934"]
[BlackElo "1898"]
[PlyCount "123"]
[EventDate "2009.09.27"]
[EventType "team"]
[EventRounds "11"]
[EventCountry "FRA"]
[Source "ChessBase"]
[SourceDate "2010.03.11"]

1. e4 c5 2. Nf3 d6 3. d4 cxd4 4. Nxd4 Nf6 5. Nc3 a6 6. Bg5 e6 7. f4 Be7 8. Qf3
h6 9. Bxf6 Bxf6 10. O-O-O e5 11. fxe5 Bxe5 12. Bc4 O-O 13. h4 Nc6 14. Nf5 Qf6
15. Nxd6 Bf4+ 16. Kb1 Ne5 17. Nd5 Qxd6 18. Qxf4 Nxc4 19. Qxd6 Nxd6 20. Ne7+ Kh7
21. Rxd6 Be6 22. Nd5 Rad8 23. Rxd8 Rxd8 24. Rd1 Rd7 25. c4 Kg6 26. Kc2 f5 27.
e5 Kf7 28. Kc3 g5 29. Kd4 Kg6 30. Kc5 f4 31. Re1 Kf5 32. hxg5 hxg5 33. b3 g4
34. Kd4 Kg5 35. Rf1 b6 36. a4 a5 37. Rf2 Rd8 38. Rf1 Rd7 39. Rd1 Kf5 40. Rf1
Kg5 41. Rh1 f3 42. gxf3 gxf3 43. Rg1+ Kh4 44. Ke3 Bxd5 45. cxd5 f2 46. Kxf2
Rxd5 47. Kf3 Rd3+ 48. Kf4 Rd4+ 49. Kf5 Rd2 50. Rf1 Rd8 51. Re1 Rf8+ 52. Ke6 Kg5
53. Rg1+ Kh6 54. Ke7 Rf2 55. Rg3 Rd2 56. e6 Kh7 57. Kf8 Rd4 58. e7 Kh6 59. Kf7
Rf4+ 60. Ke6 Re4+ 61. Kf6 Kh7 62. Rg5 1-0

[Event "FRA-chT2 0910"]
[Site "France"]
[Date "2009.10.18"]
[Round "3.6"]
[White "Etienne, Eric"]
[Black "Neuhauser, Salome"]
[Result "0-1"]
[WhiteElo "2076"]
[BlackElo "2041"]
[PlyCount "90"]
[EventDate "2009.09.27"]
[EventType "team"]
[EventRounds "11"]
[EventCountry "FRA"]
[Source "ChessBase"]
[SourceDate "2010.03.11"]

1. d4 Nf6 2. Nf3 e6 3. e3 b6 4. Bd3 Bb7 5. O-O c5 6. c4 Be7 7. Nc3 cxd4 8. exd4
d5 9. cxd5 Nxd5 10. Ne5 O-O 11. Qh5 Nf6 12. Qh4 Ne4 13. Qf4 Bg5 14. Qf3 f5 15.
Nxe4 fxe4 16. Qg4 Bxc1 17. Qxe6+ Kh8 18. Bc4 Rf6 19. Raxc1 Qf8 20. Qg4 Qe7 21.
Rc3 Na6 22. Bxa6 Bxa6 23. Qxe4 Re8 24. Re1 Kg8 25. Qd5+ Qe6 26. Qxe6+ Rfxe6 27.
f4 Rd6 28. Rd1 Bb5 29. Kf2 h6 30. Ke3 g5 31. g3 Bd7 32. Rdc1 a5 33. Ke4 Kg7 34.
Rc7 Kf6 35. Kf3 Be6 36. R1c6 Bd5+ 37. Kf2 Bxc6 38. Rxc6 Rxc6 39. Nxc6 gxf4 40.
gxf4 Kf5 41. d5 Re4 42. Kg3 Re3+ 43. Kf2 Kxf4 44. Nd4 Rd3 45. Ne2+ Ke5 0-1

[Event "FRA-chT2 0910"]
[Site "France"]
[Date "2009.10.18"]
[Round "3.6"]
[White "Foussard, Gervais"]
[Black "Varlet, Nicolas"]
[Result "0-1"]
[WhiteElo "1930"]
[BlackElo "2122"]
[PlyCount "60"]
[EventDate "2009.09.27"]
[EventType "team"]
[EventRounds "11"]
[EventCountry "FRA"]
[Source "ChessBase"]
[SourceDate "2010.03.11"]

1. e4 e6 2. d4 d5 3. exd5 exd5 4. Bd3 c5 5. c3 Nc6 6. Ne2 Bg4 7. f3 Bh5 8. O-O
c4 9. Bc2 Bg6 10. Re1 Bxc2 11. Qxc2 Be7 12. Ng3 g6 13. Bf4 Kf8 14. Nd2 Kg7 15.
Re2 h5 16. Rae1 h4 17. Nh1 Bg5 18. Re8 Bxf4 19. Rxd8 Rxd8 20. Nf2 Nf6 21. b3
Rde8 22. Rxe8 Rxe8 23. Qd1 Re3 24. Nb1 b5 25. Nh3 Bh6 26. g3 Rd3 27. Qe2 hxg3
28. hxg3 b4 29. bxc4 dxc4 30. cxb4 Nxd4 0-1